000 00364nam a2200157Ia 4500
008 221030s9999 xx 000 0 und d
020 _a8126122617
041 _aEnglish
082 _a105.23
_bJos
100 _aR. Joseph
245 0 _aBusiness Policy & Environment
260 _bAnmol Pub
_aNew Delhi
_c2005
300 _a536
650 _aManagement
942 _cBK
999 _c676
_d676